000 00637nam a2200181 a 4500
001 000034682
005 20200930073834.0
008 111004s1910 xxu 000 0 spa d
040 _aDO-SdBNP
_bspa
_cBNPHU
082 _a343.056
_bR426d
110 1 _aRepública Dominicana
_b[Leyes, etc.]
_911088
245 1 0 _aDominican customs tariff :
_b(in effect January 1, 1910) with index.
260 _aWashington :
_bGovernment Printing Office,
_c1910.
300 _a80 p. ;
_c21 cm.
590 _aInventariado, 2018/VM
650 4 _aAranceles de aduanera
_xLegislación
_zRepública Dominicana
_960118
910 _aValidado. Control de calidad MFF
999 _c34173
_d34173